| 000 | 01125cam a2200265 a 4500 | ||
|---|---|---|---|
| 001 | 3981290 | ||
| 005 | 20001031081325.0 | ||
| 008 | 951030s1996 nyua b 001 0 eng | ||
| 010 | _a 95047560 | ||
| 020 | _a0070571945 | ||
| 040 |
_aDLC _cDLC _dDLC |
||
| 050 | 0 | 0 |
_aTK7874.75 _b.S27 1996 |
| 082 | 0 | 0 |
_a621.395 _222 _bSAR |
| 100 | 1 |
_aSarrafzadeh, Majid. _96414 |
|
| 245 | 1 | 3 |
_aAn introduction to VLSI physical design / _cM. Sarrafzadeh, C.K. Wong. |
| 260 |
_aNew York : _bMcGraw Hill, _c1996. |
||
| 300 |
_axvi, 334 p. : _bill. ; _c24 cm. |
||
| 440 | 0 |
_aMcGraw-Hill series in computer science. _pComputer engineering _96415 |
|
| 504 | _aIncludes bibliographical references (p. 307-324) and index. | ||
| 650 | 0 |
_aIntegrated circuits _xVery large scale integration _xComputer-aided design. _96416 |
|
| 700 | 1 |
_aWong, C. K. _96417 |
|
| 942 |
_2ddc _cBB |
||
| 999 |
_c11884 _d11884 |
||